Cientos de razones para decirle no al ALCA /
Guardado en:
| Autor principal: | |
|---|---|
| Formato: | Texto |
| Materias: | |
| Etiquetas: |
Agregar Etiqueta
Sin Etiquetas, Sea el primero en etiquetar este registro!
|
MARC
| LEADER | 00000 a a2200000 04500 | ||
|---|---|---|---|
| 001 | 712 | ||
| 003 | |||
| 040 | |||
| 100 | |a León, Irene | ||
| 245 | |a Cientos de razones para decirle no al ALCA / |c Irene León | ||
| 650 | |a CONVENIOS COMERCIALES | ||
| 650 | |a LIBRE COMERCIO | ||
| 650 | |a COMPETENCIA DESLEAL | ||
| 650 | |a MOVIMIENTOS SOCIALES | ||
| 773 | |g número 344; páginas 10 | ||
| 999 | |c 39290 |d 39290 | ||
